LEADER 01419nam a2200241 4500 001 000000346935 003 CaOOAMICUS 005 20210708143453.0 008 210706s2003 it 000 u ita r 040 $aSeMil$bita 245 00$aCelebrazione dell'Eucaristia per l'ordinazione dei presbiteri conferita da sua Eminenza Reverendissima il Signor Cardinale Dionigi Tettamanzi, Arcivescovo di Milano . 246 04$aOrdinazioni presbiterali :$bDuomo Milano, 11 giugno 2005. "... E camminava con loro" 264 1$a[S.l. :$bs.n.],$c2005. 300 $a35 p. ;$c21 cm 600 14$aTettamanzi, Dionigi .$0(OLS)http://semarc/subject/12851 650 4$aSacerdozio - Ordinazione - Liturgia - Catechesi.$0(OLS)http://semarc/subject/22445 710 2 $aSeminario Arcivescovile di Milano,$ecuratore.$0(OLS)http://semarc/name/1064 850 $aSeMil 852 $aSeMil$W1$xVenegono$y1$m5D XI 25/29$j227451$B238009$CSeMilBibl$Z2$F238009 $81 996 $6245$aCelebrazione dell'Eucaristia per l'ordinazione dei presbiteri conferita da sua Eminenza Reverendissima il Signor Cardinale Dionigi Tettamanzi, Arcivescovo di Milano $9(OLS)http://semarc/title/436177 996 $6246$aOrdinazioni presbiterali :$bDuomo Milano, 11 giugno 2005. "... E camminava con loro"$9(OLS)http://semarc/title/436180 996 $6264$a[S.l. :$bs.n.]$9(OLS)http://semarc/publisher/29751 LEADER 01894nam a2200241 i 4500 001 000000231403 003 CaOOAMICUS 005 20220819125859.0 008 140724s1682 it u000 u grc u 013 $a210306 026 $asens ***- **** **li (3) 1682 (R) - [*= caratteri greci] 040 $aSeMil$bita 245 10$a2: ... Epiphaniou episkopou ... Apanton ton sozomenon. Tomos deuteros Sancti patris nostri Epiphanii Constantiae, ... operum omnium. Tomus secundus. .. 300 $a[4], 381 [i.e. 379], [17], 464, 48, [16] p. 500 $aAlle c. chi1 e 3A1 iniziano con proprio occhietto rispettivamente: Dionysii Petavii Animadversiones in Epiphanium cum appendice gemina e Ad Epiphanium Dion. Petavii animadversionum appendix ejusdem gemina: altera adversus Maturinum Simonium; altera adversus Claudium Salmasium. 500 $aOmesse nella numerazione le p. 112-113 500 $aLe c. ?1 e l'ultima c. bianche 500 $aSegn.: ?² a-2h? 2i? 2k? ?² A-2P? 2Q? 3A-3D? ?? 773 0 $aEpiphanius, $tTou en agiois patros emon Epiphaniou episkopou Konstanteias ... Apanta ta sozomena. Sancti patris nostri Epiphanii Constantiae, sive Salaminis in Cypro, episcopi, opera omnia in duos tomos distributa. Dionysius Petavius ... animadversionibus illustravit. Cum indicibus necessariis.$bEditio nova juxta Parisinam anni 1622 adornata; cui accessit Vita Dionysii Petavii ab Henr. Valesio oratione descripta, et Appendices ...$dColoniae : Sumptibus Jeremiae Schrey, & Heinr. Joh. Meieri, 1632.$g2$w()30223 850 $aSeMil 852 $aSeMil$W1$xVenegono$y1$m2U VI 42 FA$j181749$B181749$CSeMilBibl$Z2$F192523 $8I 996 $6245$a2: ... Epiphaniou episkopou ... Apanton ton sozomenon. Tomos deuteros Sancti patris nostri Epiphanii Constantiae, ... operum omnium. Tomus secundus. ..$9(OLS)http://semarc/title/330467